[Event "AUTO-ELITE-906"]
[Site "http://www.queenalice.com/game.php?id=1023638"]
[Date "2012.1.31"]
[Round "1"]
[White "Chandra"]
[Black "agmac"]
[Result "1/2-1/2"]
[WhiteElo "2570"]
[BlackElo "2366"]

1. f4 e5 2. fxe5 d6 3. exd6 Bxd6 4. Nf3 g5 5. g3 g4 6. Nh4 Ne7 7. e4 Ng6 8. Nf5
Bxf5 9. exf5 Ne5 10. d4 Nf3+ 11. Kf2 Nc6 12. c3 Qf6 13. Be2 Ng5 14. Bd3 h5 15.
Qe2+ Be7 16. Be3 O-O-O 17. Nd2 Rhe8 18. Rhe1 Kb8 19. Kg2 a6 20. Kh1 Rh8 21. Rg1
Bd6 22. Bxg5 Qxg5 23. Rg2 h4 24. Ne4 Qg7 25. f6 Qg8 26. gxh4 Rxh4 27. Rag1 Qf8
28. Rf2 Qg8 29. Nxd6 Rxd6 30. Rf4 Qg5 31. Rfxg4 Rxg4 32. Rxg4 Qxf6 33. Bc4 Na5
34. Bd3 Nc6 35. Rg3 Qh6 36. Qe3 Qf8 37. Qg5 Ne7 38. Kg1 Re6 39. Kf2 Qd8 40. Bc4
Rg6 41. Qf4 Rb6 42. b3 Nf5 43. Rg5 Nd6 44. Bd5 Nb5 45. Qg3 Qe7 46. Qe3 Rf6+ 47.
Bf3 Re6 48. Qd2 f6 49. Rg8+ Ka7 50. c4 Qh7 51. cxb5 Qxg8 52. Bd5 axb5 53. Qa5+
Kb8 54. Qxb5 Qc8 55. Bxe6 Qxe6 56. Qh5 Qd6 57. Ke3 Qe6+ 58. Kf2 Qd6 59. Ke3 Qe6+
60. Kd2 Qd6 61. Ke3 1/2-1/2

[Event "ASIA+EUROPA"]
[Site "http://www.queenalice.com/game.php?id=1041448"]
[Date "2012.3.22"]
[Round "1"]
[White "agmac"]
[Black "Zwartkijker"]
[Result "1-0"]
[WhiteElo "2372"]
[BlackElo "2391"]

1. e4 d6 2. d4 Nf6 3. Nc3 g6 4. Be3 Bg7 5. Qd2 c6 6. f3 b5 7. Bd3 b4 8. Nd1 a5
9. Ne2 Nbd7 10. a3 Rb8 11. O-O c5 12. axb4 axb4 13. c3 O-O 14. Bg5 Qc7 15. Ne3
Bb7 16. Rfe1 bxc3 17. bxc3 h6 18. Bh4 Ra8 19. Bg3 Nb6 20. Bb5 Rfb8 21. Reb1 Bc6
22. Bd3 Rxa1 23. Rxa1 Bd7 24. Bf2 c4 25. Bb1 Rb7 26. Nc2 Ra7 27. Ba2 Ba4 28. Nb4
Bb3 29. Be3 Kh7 30. Rb1 Bxa2 31. Nxa2 d5 32. e5 Ne8 33. h4 e6 34. Nb4 Nc8 35. h5
Ne7 36. hxg6+ fxg6 37. g4 Ng8 38. Nf4 Qf7 39. Nc6 Ra8 40. Qc2 Bf8 41. Rb6 Ng7
42. Qb1 Qe8 43. Bc1 Ne7 44. Nxe7 Bxe7 45. Rb7 Qf7 46. Kg2 Re8 47. Kg3 Ra8 48.
Rxe7 1-0

[Event "Challenge"]
[Site "http://www.queenalice.com/game.php?id=1043462"]
[Date "2012.3.28"]
[Round "-"]
[White "agmac"]
[Black "plot24"]
[Result "1-0"]
[WhiteElo "2365"]
[BlackElo "1853"]

1. e4 e5 2. Nf3 Nc6 3. Bc4 Nf6 4. Ng5 d5 5. exd5 Na5 6. Bb5+ c6 7. dxc6 bxc6 8.
Be2 h6 9. Nf3 e4 10. Ne5 Bd6 11. d4 Qc7 12. Nc3 O-O 13. O-O c5 14. Nb5 Qb6 15.
Nxd6 Qxd6 16. c3 Nd7 17. Nxd7 Qxd7 18. dxc5 Nc6 19. Qxd7 Bxd7 20. Bf4 Be6 21. b4
f5 22. f3 g5 23. Bd6 exf3 24. Bxf3 1-0

[Event "ASIA+EUROPA"]
[Site "http://www.queenalice.com/game.php?id=1080635"]
[Date "2012.7.8"]
[Round "2"]
[White "Chandra"]
[Black "agmac"]
[Result "0-1"]
[WhiteElo "2610"]
[BlackElo "2408"]

1. c4 Nf6 2. d4 e6 3. Nf3 d5 4. Nc3 c6 5. e3 Nbd7 6. Bd3 dxc4 7. Bxc4 b5 8. Be2
Bb7 9. O-O Be7 10. e4 b4 11. e5 bxc3 12. exf6 Bxf6 13. bxc3 c5 14. Rb1 Be4 15.
Bd3 Bxd3 16. Qxd3 O-O 17. Rd1 cxd4 18. cxd4 Qa5 19. Bd2 Qxa2 20. Ra1 Qd5 21. Ra5
Qd6 22. g3 Nb6 23. Qe4 Qd7 24. Bg5 Nd5 25. Rda1 Bxg5 26. Nxg5 Nf6 27. Qd3 Rfd8
28. Nf3 h6 29. Ra6 Qd5 30. R6a5 Qb7 31. Ne5 Rd5 32. Qf3 Rxa5 33. Qxb7 Rxa1+ 34.
Kg2 Rf8 35. Nc6 Ra2 36. Qb1 Ra6 37. Ne7+ Kh8 38. Qb7 Rd6 39. Qxa7 Rfd8 40. Qa5
Rxd4 41. Nc6 R4d5 42. Qc7 R8d7 43. Qb8+ Kh7 44. Ne5 Rd8 45. Qc7 Ra8 46. Qb7 Rf8
47. f4 Kg8 48. Qb4 Rdd8 49. Kh3 Rc8 50. Qe7 Rc3 51. Qb7 g6 52. Nc6 Nd5 53. Kg2
h5 54. Ne7+ Nxe7 55. Qxe7 Rfc8 56. Kh3 Kg7 57. Qb4 Rc2 58. Qd4+ Kh7 59. Qb6 R8c7
60. Qe3 Rd7 61. Qe4 Rdd2 0-1

[Event "Challenge"]
[Site "http://www.queenalice.com/game.php?id=1085973"]
[Date "2012.7.23"]
[Round "-"]
[White "plot24"]
[Black "agmac"]
[Result "0-1"]
[WhiteElo "1766"]
[BlackElo "2401"]

1. d4 Nf6 2. c4 e6 3. e3 b6 4. Ne2 Bb7 5. Nf4 Bd6 6. Nd3 c5 7. b4 cxb4 8. a3 a5
9. c5 bxc5 10. dxc5 Be7 11. Bb2 Na6 12. axb4 axb4 13. Bd4 Qc7 14. Be2 Nxc5 15.
Rxa8+ Bxa8 16. O-O O-O 17. Nd2 Nce4 0-1

[Event "Challenge"]
[Site "http://www.queenalice.com/game.php?id=1089753"]
[Date "2012.8.2"]
[Round "-"]
[White "mowliid12"]
[Black "agmac"]
[Result "0-1"]
[WhiteElo "2109"]
[BlackElo "2406"]

1. d4 Nf6 2. c4 e6 3. Nc3 Bb4 4. Bg5 c5 5. e3 Qa5 6. Bxf6 Bxc3+ 7. bxc3 Qxc3+ 8.
Ke2 gxf6 9. Rc1 Qa3 10. Qc2 cxd4 11. exd4 Nc6 12. Nf3 Qxf3+ 13. Kxf3 Nxd4+ 14.
Ke3 Nxc2+ 15. Rxc2 b6 16. f3 Ke7 17. Bd3 Ba6 18. Rhc1 Rag8 19. g3 Rg5 20. g4 h5
21. h3 hxg4 22. hxg4 Rh3 23. Kf4 d5 24. Rc3 e5+ 0-1

[Event "Challenge"]
[Site "http://www.queenalice.com/game.php?id=1089754"]
[Date "2012.8.2"]
[Round "-"]
[White "agmac"]
[Black "mowliid12"]
[Result "1-0"]
[WhiteElo "2402"]
[BlackElo "2108"]

1. b4 e5 2. Bb2 Bxb4 3. Bxe5 Nf6 4. Nf3 Nc6 5. Bb2 d5 6. e3 O-O 7. a3 Bd6 8. c4
Be6 9. cxd5 Bxd5 10. Nc3 Qe7 11. Nxd5 Nxd5 12. Qb3 Nb6 13. Be2 Ne5 14. Nd4 Qg5
15. f4 Qxg2 16. O-O-O Ng6 17. Rdg1 Qh3 18. Bg4 Qh4 19. Nf5 Qd8 20. Bxg7 Re8 21.
Qc3 Nd5 22. Nh6# 1-0

[Event "AUTO-ELITE-906"]
[Site "http://www.queenalice.com/game.php?id=1090168"]
[Date "2012.8.4"]
[Round "2"]
[White "agmac"]
[Black "Brooke"]
[Result "1/2-1/2"]
[WhiteElo "2428"]
[BlackElo "2624"]

1. b4 e6 2. Bb2 Nf6 3. a3 d5 4. e3 c5 5. bxc5 Bxc5 6. d4 Qb6 7. Qc1 Be7 8. Nf3
O-O 9. Bd3 Bd7 10. O-O Rc8 11. Nc3 Be8 12. Rb1 Qa5 13. Qe1 a6 14. e4 dxe4 15.
Nxe4 Qxe1 16. Rfxe1 b5 17. Nxf6+ Bxf6 18. Nd2 Nc6 19. Nb3 Ne7 20. g3 Bc6 21. Nc5
g6 22. c3 Bg7 23. Nb3 Nd5 24. Nc5 Nb6 25. Bc1 Bf8 26. Be3 Bd5 27. Bf1 f5 28. Ra1
e5 29. h4 Bf7 30. Rec1 Bc4 31. a4 Bxf1 32. Kxf1 Bxc5 33. dxc5 Nxa4 34. c4 Rc6
35. cxb5 axb5 36. Rcb1 f4 37. gxf4 exf4 38. Bxf4 Rxc5 39. Be3 Rf5 40. Ra3 Rc8
41. Rab3 Rh5 42. Rxb5 Rxh4 43. R1b3 Rhc4 44. Kg2 Nc5 45. Rxc5 R4xc5 46. Bxc5
Rxc5 47. Rb8+ Kg7 48. Rb7+ Kh6 49. Kg3 Rg5+ 50. Kh3 Rf5 51. Kg3 g5 52. Rb4 Kg6
53. f4 gxf4+ 54. Rxf4 Rxf4 55. Kxf4 1/2-1/2

[Event "AUTO-ELITE-906"]
[Site "http://www.queenalice.com/game.php?id=1090169"]
[Date "2012.8.4"]
[Round "2"]
[White "Brooke"]
[Black "agmac"]
[Result "1/2-1/2"]
[WhiteElo "2632"]
[BlackElo "2424"]

1. d4 Nf6 2. c4 e6 3. Nf3 d5 4. Nc3 c6 5. e3 Nbd7 6. Qc2 Bd6 7. g4 h6 8. Bd2
dxc4 9. Bxc4 b5 10. Be2 Bb7 11. e4 Be7 12. e5 b4 13. exf6 bxc3 14. bxc3 Nxf6 15.
Rb1 Rb8 16. h4 Bd6 17. Ne5 Ba8 18. Rh3 c5 19. Qa4+ Kf8 20. Rxb8 Qxb8 21. Nd7+
Nxd7 22. Qxd7 Kg8 23. h5 Bg2 24. Re3 Bd5 25. Bd3 cxd4 26. cxd4 Qc7 27. Qxc7 Bxc7
28. Be4 Bxe4 29. Rxe4 Bd8 30. Ke2 Kh7 31. f4 Bf6 32. d5 exd5 33. Ra4 Re8+ 34.
Kd3 Re7 35. Ra6 Rc7 36. a4 Bb2 37. Ra5 d4 38. Bb4 Bc3 39. Rc5 Rd7 40. Bxc3 dxc3+
41. Kxc3 g6 42. Kc4 Kg7 43. Ra5 Re7 44. Kd5 Rc7 45. Ra6 Rd7+ 46. Kc5 Rc7+ 47.
Kd5 Rd7+ 48. Kc5 Rc7+ 49. Kd5 1/2-1/2

[Event "OS INCLIVEIS"]
[Site "http://www.queenalice.com/game.php?id=1094670"]
[Date "2012.8.19"]
[Round "-"]
[White "agmac"]
[Black "adelio"]
[Result "1-0"]
[WhiteElo "2405"]
[BlackElo "1779"]

1. b4 e5 2. Bb2 f6 3. e4 Ne7 4. f4 Nbc6 5. b5 Nd4 6. fxe5 fxe5 7. Qh5+ Ng6 8.
Bxd4 exd4 9. Nf3 d6 10. Bc4 Qf6 11. O-O Kd8 12. Ng5 Nf4 13. Nf7+ Ke7 14. Rxf4
Qxf4 15. Nxh8 Bg4 16. Qd5 Rb8 17. Na3 c6 18. bxc6 bxc6 19. Qa5 d5 20. Qxa7+ Bd7
21. exd5 Rc8 22. Re1+ Kd8 23. Qa5+ Rc7 24. dxc6 Bxc6 25. Nb5 Bc5 26. Nxc7 Qxc7
27. Qxc5 Kc8 28. Ba6+ Kb8 29. Rb1+ Ka8 30. Qa3 Qa7 31. Qf8+ Qb8 32. Qxb8# 1-0

[Event "OS INCLIVEIS"]
[Site "http://www.queenalice.com/game.php?id=1094671"]
[Date "2012.8.19"]
[Round "-"]
[White "adelio"]
[Black "agmac"]
[Result "0-1"]
[WhiteElo "1762"]
[BlackElo "2404"]

1. f4 e5 2. e4 exf4 3. Nf3 g5 4. d4 Bg7 5. e5 Nc6 6. h3 d6 7. c3 dxe5 8. Bb5 e4
9. Bxc6+ bxc6 10. Ne5 Bxe5 11. dxe5 Qxd1+ 12. Kxd1 e3 13. b4 Be6 14. Na3 O-O-O+
15. Ke2 Ne7 16. c4 Ng6 17. Bb2 Rd2+ 18. Kf1 Rxb2 19. Kg1 f3 20. gxf3 Nh4 21. Rf1
Rg2# 0-1

[Event "dont.be afraid"]
[Site "http://www.queenalice.com/game.php?id=1103269"]
[Date "2012.9.15"]
[Round "1"]
[White "agmac"]
[Black "Suso71"]
[Result "1/2-1/2"]
[WhiteElo "2420"]
[BlackElo "2622"]

1. b4 e5 2. Bb2 Bxb4 3. Bxe5 Nf6 4. Nf3 O-O 5. Nc3 Ba5 6. e3 Nc6 7. Bxf6 Qxf6 8.
Nd5 Qd6 9. Nf4 Ne5 10. Be2 Nxf3+ 11. Bxf3 c6 12. g3 Re8 13. c3 Qe7 1/2-1/2

[Event "dont.be afraid"]
[Site "http://www.queenalice.com/game.php?id=1115818"]
[Date "2012.10.25"]
[Round "3"]
[White "ubersoldat1952"]
[Black "agmac"]
[Result "0-1"]
[WhiteElo "2538"]
[BlackElo "2444"]

1. d4 Nf6 2. c4 e6 3. Nf3 d5 4. Nc3 c6 5. Bg5 h6 6. Bxf6 Qxf6 7. e3 Nd7 8. Bd3
dxc4 9. Bxc4 g6 10. O-O Bg7 11. Rc1 O-O 12. b4 Qe7 13. Rb1 Rd8 14. Qb3 b6 15.
Rfd1 Bb7 16. Be2 a5 17. bxa5 Rxa5 18. Nd2 c5 19. Nc4 Raa8 20. Nxb6 Nxb6 21. Qxb6
cxd4 22. exd4 Rd7 23. a4 Rc8 24. Rb3 Kh7 25. g3 Rc6 26. Qa7 Rcd6 27. Rb4 Rc7 28.
Qa5 Rd8 29. h3 Bf6 30. Kh2 h5 31. h4 Kg7 32. Rd2 Ba8 33. Rb3 Rcc8 34. Nb5 Bxh4
35. Bf3 Bg5 36. Re2 h4 37. Bxa8 hxg3+ 38. fxg3 Rxa8 39. Qb6 Rdb8 40. Qc6 Rc8 41.
Qf3 Rxa4 42. Kg2 Rc1 43. Rc3 Qd7 44. Rxc1 Bxc1 45. Rf2 Bg5 46. d5 exd5 47. Nc3
Ra5 48. Ne4 Bd8 49. Rd2 d4 50. Qf2 Rd5 51. Rd1 f5 52. Nd2 Bf6 53. Nf3 d3 54. Qe3
g5 55. Nxg5 Re5 56. Qxd3 Qxd3 57. Rxd3 Bxg5 58. Kf3 Re4 59. Rb3 Kg6 60. Rc3 Bf6
61. Rc6 Rb4 62. Re6 Rb2 63. Kf4 Rb3 64. Ra6 Rb4+ 65. Kf3 Kg5 66. Ra8 Rb3+ 67.
Kg2 Be5 68. Rg8+ Kf6 69. Rf8+ Ke6 70. Rg8 Kd5 0-1

[Event "ASIA+EUROPA"]
[Site "http://www.queenalice.com/game.php?id=1118156"]
[Date "2012.11.1"]
[Round "3"]
[White "agmac"]
[Black "WakanTanka"]
[Result "1-0"]
[WhiteElo "2432"]
[BlackElo "2625"]

1. e4 c5 2. Nf3 d6 3. d4 cxd4 4. Nxd4 Nf6 5. Nc3 g6 6. Be3 Bg7 7. f3 O-O 8. Qd2
a6 9. O-O-O b5 10. g4 Bb7 11. h4 b4 12. Nce2 Qc7 13. h5 Rc8 14. hxg6 hxg6 15.
Ng3 Nc6 16. Nxc6 Bxc6 17. Bh6 Bh8 18. Nf5 Nxe4 19. Qh2 Bd5 20. Rxd5 Bxb2+ 21.
Kb1 Nc3+ 22. Kxb2 1-0

[Event "ASIA+EUROPA"]
[Site "http://www.queenalice.com/game.php?id=1154897"]
[Date "2013.2.23"]
[Round "4"]
[White "KHIM"]
[Black "agmac"]
[Result "1/2-1/2"]
[WhiteElo "2481"]
[BlackElo "2454"]

1. d4 Nf6 2. Bf4 c5 3. e3 d5 4. Nf3 Nc6 5. Nbd2 e6 6. c3 Bd6 7. dxc5 Bxc5 8. Be2
O-O 9. O-O Bd6 10. Bxd6 Qxd6 11. c4 Bd7 12. Rc1 Rac8 13. cxd5 exd5 14. Qa4 Rc7
15. Nd4 a6 16. Nxc6 Rfc8 17. Nb3 Rxc6 18. Rxc6 Rxc6 19. Qd4 Bf5 20. Qa7 Bc8 21.
Rd1 Rc2 22. Rc1 Qc6 23. Rxc2 Qxc2 24. Qc5 Qxc5 25. Nxc5 Kf8 26. Nb3 Ke7 27. Kf1
Kd6 28. Ke1 Nd7 29. Nd4 Nc5 30. b4 Ne4 31. Bd3 g6 32. a3 Bd7 33. f3 Nc3 34. Bc2
Nb5 35. Nxb5+ Bxb5 36. Kd2 Bf1 37. g3 h6 38. Kc3 Be2 39. f4 b6 40. Kd4 Bg4 41.
Bd3 a5 42. bxa5 bxa5 43. Bc2 Bf3 44. Bb3 Be4 45. Bd1 Bg2 46. h4 Be4 47. h5 gxh5
48. Bxh5 f6 49. Be2 Kc6 50. Bg4 Kd6 51. Bd1 Bg2 52. Bc2 1/2-1/2

[Event "Challenge"]
[Site "http://www.queenalice.com/game.php?id=1168316"]
[Date "2013.4.4"]
[Round "-"]
[White "waldi"]
[Black "agmac"]
[Result "0-1"]
[WhiteElo "1969"]
[BlackElo "2457"]

1. e4 e5 2. Nf3 Nc6 3. Bb5 a6 4. Bxc6 dxc6 5. d3 f6 6. Nc3 Bd6 7. h3 Ne7 8. O-O
Be6 9. Be3 Ng6 10. Ne2 Qd7 11. c4 c5 12. Nh2 O-O-O 13. Qc2 Nh4 14. f3 Nxg2 15.
Kxg2 Bxh3+ 16. Kg1 Bxf1 17. Rxf1 Kb8 18. Rf2 Be7 19. Nc1 g6 20. Qc3 h5 21. Qa5
f5 22. Bxc5 b6 23. Bxb6 cxb6 24. Qxb6+ Qb7 25. Qa5 Bb4 26. Qxe5+ Bd6 27. Qf6
fxe4 28. fxe4 Qb6 29. Qh4 g5 30. Qh3 Rhf8 31. Qg2 Rxf2 32. Qxf2 Bc5 0-1

[Event "Challenge"]
[Site "http://www.queenalice.com/game.php?id=1178773"]
[Date "2013.5.5"]
[Round "-"]
[White "Rochak"]
[Black "agmac"]
[Result "0-1"]
[WhiteElo "1844"]
[BlackElo "2456"]

1. e4 e5 2. Nf3 Nc6 3. Bb5 a6 4. Ba4 Nf6 5. Nc3 b5 6. Bb3 Bc5 7. d3 d6 8. Bg5 h6
9. Bh4 Na5 10. Bd5 c6 11. Bb3 O-O 12. h3 g5 13. Bg3 Nxb3 14. axb3 Nh5 15. Nh2
Nxg3 16. fxg3 f5 17. exf5 Bxf5 18. Qh5 Kg7 19. Qe2 a5 20. g4 Bg6 21. Na2 Rf2 22.
Qd1 Qf6 23. Nf3 e4 24. d4 exf3 25. Kxf2 Bxd4+ 26. Ke1 Re8+ 27. Kf1 fxg2+ 0-1

[Event "Challenge"]
[Site "http://www.queenalice.com/game.php?id=1178775"]
[Date "2013.5.5"]
[Round "-"]
[White "agmac"]
[Black "Rochak"]
[Result "1-0"]
[WhiteElo "2455"]
[BlackElo "1869"]

1. b4 e6 2. Bb2 c5 3. bxc5 Nf6 4. c4 Bxc5 5. e3 d5 6. Nf3 O-O 7. d4 Bb4+ 8. Nbd2
Ne4 9. Bd3 Nxd2 10. Nxd2 Qa5 11. a3 Bxd2+ 12. Qxd2 Qxd2+ 13. Kxd2 dxc4 14. Bxc4
Nc6 15. Rac1 Na5 16. Ba2 Bd7 17. Rc7 Bc6 18. Bc3 Bxg2 19. Rg1 Be4 20. d5 Rfd8
21. Rxg7+ Kf8 22. Rgxf7+ Kg8 23. Rg7+ Kh8 24. Rg1+ e5 25. Bxe5# 1-0

[Event "Challenge"]
[Site "http://www.queenalice.com/game.php?id=1209573"]
[Date "2013.8.19"]
[Round "-"]
[White "agmac"]
[Black "jeancarlo1910"]
[Result "1-0"]
[WhiteElo "2457"]
[BlackElo "2028"]

1. b4 Nf6 2. Bb2 g6 3. c4 Bg7 4. e3 O-O 5. Nf3 d6 6. Be2 Bg4 7. O-O Nbd7 8. h3
Be6 9. Nd4 c5 10. Nxe6 fxe6 11. a3 b6 12. d3 e5 13. Nc3 a6 14. Bf3 Rb8 15. Qa4
a5 16. Nb5 Kh8 17. bxa5 bxa5 18. Rab1 Ng8 19. Bc3 Ndf6 20. Qxa5 Qd7 21. Qc7 Qf5
22. Nxd6 exd6 23. Rxb8 Rxb8 24. Qxb8 Qxd3 25. Rc1 Qxc4 26. Qxd6 e4 27. Bg4 Qd3
28. Qxc5 Nxg4 29. hxg4 Bxc3 30. Qxc3+ Qxc3 31. Rxc3 Nf6 32. a4 Nd5 33. Rc8+ Kg7
34. a5 1-0

[Event "FIFA World Cup"]
[Site "http://www.queenalice.com/game.php?id=1256285"]
[Date "2014.2.14"]
[Round "1"]
[White "Pater"]
[Black "agmac"]
[Result "0-1"]
[WhiteElo "2399"]
[BlackElo "2458"]

1. e4 e5 2. Nf3 Nc6 3. Bb5 a6 4. Ba4 Nf6 5. O-O b5 6. Bb3 Be7 7. a4 Bb7 8. d3
O-O 9. Nc3 Na5 10. Ba2 b4 11. Nd5 Nxd5 12. Bxd5 Bxd5 13. exd5 d6 14. c4 Rb8 15.
b3 f5 16. Qc2 Bf6 17. Bb2 Qe8 18. Rfe1 Qg6 19. Re2 Nb7 20. Nd2 Rbe8 21. Rae1 Nc5
22. f3 e4 23. dxe4 Bxb2 24. Qxb2 Nd3 25. Qb1 Nxe1 26. Qxe1 a5 27. exf5 Rxe2 28.
Qxe2 Qxf5 29. Qe4 Qf6 30. Qe3 h6 31. Ne4 Qe5 32. Qd2 Qa1+ 33. Kf2 Rf7 34. Qc2
Qd4+ 35. Kf1 Qe3 36. Qb1 Kf8 37. Nf2 h5 38. Qd3 Re7 39. Qd1 g5 40. h3 Kf7 0-1

[Event "Challenge"]
[Site "http://www.queenalice.com/game.php?id=1291357"]
[Date "2014.6.30"]
[Round "-"]
[White "mmagari"]
[Black "agmac"]
[Result "0-1"]
[WhiteElo "2382"]
[BlackElo "2465"]

1. d4 Nf6 2. c3 d5 3. g3 Bf5 4. Bg2 e6 5. Nf3 Nbd7 6. O-O Be7 7. Nbd2 h6 8. Re1
c6 9. Nf1 Qb6 10. Qb3 O-O 11. h3 Bh7 12. Bf4 c5 13. Be3 Rfc8 14. Ne5 Qd8 15. f4
Ne4 16. Kh2 c4 17. Qd1 a5 18. Bg1 Ndf6 19. a4 Qc7 20. Nd2 Rab8 21. e3 b5 22.
axb5 Nxd2 23. Qxd2 Rxb5 24. Re2 Rcb8 25. Qc1 Ne4 26. Bf3 Qb7 27. Ra2 a4 28. Bh5
f6 29. Bf7+ Kf8 30. Bg6 a3 31. bxa3 Bxg6 32. Nxg6+ Kf7 33. Nxe7 Rb3 34. Nxd5 Rb1
35. Qc2 Qxd5 0-1

[Event "FIFA World Cup"]
[Site "http://www.queenalice.com/game.php?id=1374108"]
[Date "2015.7.29"]
[Round "3"]
[White "agmac"]
[Black "caboclo"]
[Result "0-1"]
[WhiteElo "2470"]
[BlackElo "2658"]

1. e4 e6 2. d4 d5 3. Nd2 Be7 4. Ngf3 Nf6 5. e5 Nfd7 6. Bd3 c5 7. c3 b6 8. Ne4
Ba6 9. Nd6+ Bxd6 10. Bxa6 Nxa6 0-1